000 00877nam a2200253 i 4500
001 181333
003 ES-MaACL
005 20250911062854.0
008 121210s2011 sp | |||||||| | spa d
020 _a978-84-9895-770-9
080 _a821.111(73)-14"19"
100 1 _aKerouac, Jack,
_d1922-1969
_eaut
_9240046
245 1 0 _aPoemas dispersos /
_cJack Kerouac ; traducción de M. Antolín Rato.
260 _aMadrid :
_bVisor Libros,
_cD.L. 2011.
300 _a155 p. ;
_c20 cm.
490 1 _aColección Visor de poesía ;
_vv. 770
546 _aTexto en inglés y traducción en español.
655 7 _2tgfbne
_9176539
_aPoesías
700 0 _aAntolín Rato, Mariano
_921923
_etrl
830 0 _aColección Visor de poesía
_vv. 770
_9177331
852 _aES-MaACL
_jA-12387
_9188217
_bR.146731
_cDEPO1
_dOlim: N-5392
942 _2udc
_cMONOGRAFIA
999 _c181333
_d181333